| 000 | 00768nam a2200265Ia 4500 | ||
|---|---|---|---|
| 001 | 21928 | ||
| 005 | 20260320113325.0 | ||
| 008 | 260320s9999||||xx |||||||||||||| ||und|| | ||
| 020 | _a9786125183019 | ||
| 041 | _aESP | ||
| 082 |
_a869.5 _bG22 |
||
| 100 |
_aGarcía, José Uriel, _eAUT |
||
| 245 | 0 |
_aEl nuevo indio _b |
|
| 246 |
_a _5 _b |
||
| 250 | _aPrimera edición | ||
| 260 |
_aLima : _bAchawata, _c2024 |
||
| 300 |
_a217 páginas : _b _c18 cm. _e |
||
| 440 |
_a(Libros populares _n; número 23) _v |
||
| 650 | _aLYR | ||
| 653 | _aLiteratura peruana; Indígenas del Perú | ||
| 654 | _aCHU | ||
| 700 |
_a _c |
||
| 856 |
_uhttps://0u20jlupw-y-https-www-jstor-org.itmsp.museknowledge.com/ _zVéase además: Base de datos JSTOR |
||
| 942 |
_cLIB _dJUS _fMAT _2ddc _n |
||
| 999 |
_c21928 _d21928 |
||